Quality of the managers versus competitiveness of the enterprises

Kvalita manažérov je charakterizovaná prostredníctvom manažérskych schopností a zručností. Zhodnotenie vybraných aspektov reality v súlade s ich objektivizovaným vyhodnotením. Vzťah medzi kvalitou manažérov a konkurencieschopnosťou podnikov.

Guardado en:
Detalles Bibliográficos
Autor principal: Marinič, Peter
Formato: Capítulo de libro
Lenguaje:inglés
Materias:
Etiquetas: Agregar Etiqueta
Sin Etiquetas, Sea el primero en etiquetar este registro!

MARC

LEADER 00000nla a2200000 4500
001 0228727
005 20240417075113.3
041 0 |a eng 
044 |a SK 
245 1 0 |a Quality of the managers versus competitiveness of the enterprises  |c Peter Marinič 
520 |a Kvalita manažérov je charakterizovaná prostredníctvom manažérskych schopností a zručností. Zhodnotenie vybraných aspektov reality v súlade s ich objektivizovaným vyhodnotením. Vzťah medzi kvalitou manažérov a konkurencieschopnosťou podnikov. 
610 2 0 |a manažment 
610 2 0 |a manažéri 
610 2 0 |a metódy riadenia 
610 2 0 |a technika riadenia 
610 2 0 |a vedenie ľudí 
610 2 0 |a vedenie podniku 
610 2 0 |a konkurencieschopnosť 
610 2 0 |a zručnosti 
100 1 |a Marinič, Peter